NFL dead or alive - Statistics

General Stats
  • This quiz has been taken 39 times
    11 since last reset
  • The average score is 22 of 40
Answer Stats
Question Answer % Correct
Lawrence Taylor Alive
100%
Anthony Munoz Alive
100%
Bruce Smith Alive
100%
Mike Singletary Alive
100%
Steve Largent Alive
100%
Terry Bradshaw Alive
100%
Johnny Unitas Dead
100%
Otto Graham Dead
100%
Mean Joe Greene Alive
67%
Dick Butkus Alive
67%
John Hannah Alive
67%
Jack Ham Alive
67%
Art Shell Alive
67%
Bobby Bell Alive
67%
Reggie White Dead
67%
Walter Payton Dead
67%
Forrest Gregg Dead
67%
Sammy Baugh Dead
67%
Jim Thorpe Dead
67%
Bronko Nagurski Dead
67%
Chuck Bednarik Dead
67%
Bart Starr Dead
67%
Dub Jones Alive
33%
Jerry Kramer Alive
33%
Alan Page Alive
33%
Jack Lambert Alive
33%
Fran Tarkenton Alive
33%
Leroy Kelly Alive
33%
Sam Cunningham Dead
33%
Dick Lane Dead
33%
Gale Sayers Dead
33%
Jim Parker Dead
33%
Deacon Jones Dead
33%
Gino Marchetti Dead
33%
Charley Trippi Dead
33%
Johnny Lujack Alive
0%
Boyd Dowler Alive
0%
Jim Brown Alive
0%
Jim Otto Alive
0%
Gale Gillingham Dead
0%
No matching quizzes found
Score Distribution
Percent of People with Each Score
Percentile by Number Answered
Your Score History
You have not taken this quiz since the last reset